Nahuas de Huachinango (Record no. 10398)

MARC details
000 -CABECERA
campo de control de longitud fija 01151nam a2200289 a 4500
001 - NÚMERO DE CONTROL
campo de control BRL_1589
005 - FECHA Y HORA DE LA ÚLTIMA TRANSACCIÓN
campo de control 20190320211257.0
008 - DATOS DE LONGITUD FIJA--INFORMACIÓN GENERAL
campo de control de longitud fija 190314s1987----mx-aobe###---#000-0#spa-#
020 ## - NÚMERO INTERNACIONAL ESTÁNDAR DEL LIBRO
Número Internacional Estándar del Libro 968822068X
041 ## - CÓDIGO DE LENGUA
Código de lengua del texto/banda sonora o título independiente spa
044 ## - CÓDIGO DEL PAÍS DE LA ENTIDAD EDITORA/PRODUCTORA
Código MARC del país mx
050 #4 - SIGNATURA TOPOGRÁFICA DE LA BIBLIOTECA DEL CONGRESO
Número de clasificación HN120.H833
Número de documento/Ítem .C43 1987
100 1# - ENTRADA PRINCIPAL--NOMBRE DE PERSONA
Nombre de persona Chamoux, Marie-Noëlle
9 (RLIN) 27374
245 10 - MENCIÓN DE TÍTULO
Título Nahuas de Huachinango
Resto del título transformaciones sociales en una comunidad campesina
Mención de responsabilidad, etc. Marie-Noëlle Chamoux ; traducción Luz María Santamaría.
260 ## - PUBLICACIÓN, DISTRIBUCIÓN, ETC.
Lugar de publicación, distribución, etc. México
Nombre del editor, distribuidor, etc. Instituto Nacional Indigenista : Centre D´Etudes Mexicaines et Centramericaines
Fecha de publicación, distribución, etc. 1987
300 ## - DESCRIPCIÓN FÍSICA
Extensión 388 p.
Otras características físicas il., mapas, planos, fotografías
Dimensiones 21 cm.
440 #0 - MENCIÓN DE SERIE/PUNTO DE ACCESO ADICIONAL--TÍTULO
Título Colección INI
Nombre de parte o sección de la obra Serie de Antropología Social
Designación de volumen o secuencia 73
9 (RLIN) 27375
500 ## - NOTA GENERAL
Nota general Au2071
500 ## - NOTA GENERAL
Nota general Traducción de: Indiens de la sierra: la communauté paysanne au Mexique.
650 14 - PUNTO DE ACCESO ADICIONAL DE MATERIA--TÉRMINO DE MATERIA
Término de materia o nombre geográfico como elemento de entrada Nahuas
Subdivisión general Religión
9 (RLIN) 23575
650 14 - PUNTO DE ACCESO ADICIONAL DE MATERIA--TÉRMINO DE MATERIA
Término de materia o nombre geográfico como elemento de entrada Nahuas
Subdivisión general Vida social y costumbres
9 (RLIN) 23578
651 #4 - PUNTO DE ACCESO ADICIONAL DE MATERIA--NOMBRE GEOGRÁFICO
Nombre geográfico Huachinango (Puebla)
Subdivisión general Condiciones rurales
9 (RLIN) 27376
700 1# - PUNTO DE ACCESO ADICIONAL--NOMBRE DE PERSONA
Nombre de persona Santamaría, Luz María
Término indicativo de función/relación tr.
9 (RLIN) 5522
710 2# - PUNTO DE ACCESO ADICIONAL--NOMBRE DE ENTIDAD CORPORATIVA
Nombre de entidad corporativa o nombre de jurisdicción como elemento de entrada Centre D´etudes Mexicaines Et Centramericaines
9 (RLIN) 27377
902 ## - CATALOGADOR
Iniciales GRL
942 ## - ELEMENTOS DE PUNTO DE ACCESO ADICIONAL (KOHA)
Fuente del sistema de clasificación o colocación Library of Congress Classification
Tipo de ítem Koha Libros
Holdings
Estado de retiro Estado de pérdida Estado dañado No para préstamo Localización permanente Ubicación/localización actual Fecha de adquisición Número de inventario Total de préstamos Signatura topográfica completa Código de barras Fecha visto por última vez Precio válido a partir de Tipo de ítem Koha
El ejemplar forma parte de la colección y puede ser consultado según las políticas vigentes.       Biblioteca Centro de Estudios Ruth D. Lechuga Biblioteca Centro de Estudios Ruth D. Lechuga 19/03/2014 Au2071   HN120.H833 .C43 1987 (Au2071) GRL01749 22/03/2019 22/03/2019 Libros